| 000 | 00538nam a22001937a 4500 | ||
|---|---|---|---|
| 003 | KOHA_MİRAKIL | ||
| 005 | 20251126130947.0 | ||
| 008 | 251126b tu ||||| |||| 00| 0 tur d | ||
| 020 | _a9786256999251 | ||
| 040 |
_aTR-AnABB _btur _cTR-AnABB |
||
| 041 | _atur | ||
| 082 |
_a813.42 _bKEM 2022 |
||
| 100 |
_aKemal Tahir, _d1910-1973 |
||
| 245 | 1 | 0 |
_aEsir şehrin mahpusu / _cKemal Tahir |
| 260 |
_aİstanbul : _bKetebe Yayınları, _c2022 |
||
| 300 |
_a356 sayfa ; _c25 cm |
||
| 650 | 0 | 4 | _aTürk edebiyatı, roman |
| 942 |
_2ddc _cBK |
||
| 999 |
_c9640 _d9640 |
||
| 900 | _bGizem YORULMAZ | ||